Can you name every Thunderclan cat? Quiz Stats

 Plays Quiz not verified by Sporcle

Score 0/20 Timer 10:00
0 Plays Today
question % Correct
firestar
100%
sandstorm
60.6%
dustpelt
51.5%
greystripe
45.5%
bramblepaw
42.4%
cloudtail
42.4%
mousefur
39.4%
longtail
39.4%
cinderpelt
33.3%
brackenfur
33.3%
question % Correct
thornclaw
27.3%
willowpelt
21.2%
ashfur
21.2%
i'm done
9.1%
sootpaw
6.1%
redstar
6.1%
kestrelwing
6.1%
nettleclaw
6.1%
rainpaw
3%
seedpelt
3%

You're not logged in!

Compare scores with friends on all Sporcle quizzes.
OR
Log In

Show Comments

Extras

Created Feb 22, 2012ReportNominate
Tags:cat

Top Quizzes Today


Score Distribution

Your Account Isn't Verified!

In order to create a playlist on Sporcle, you need to verify the email address you used during registration. Go to your Sporcle Settings to finish the process.

Report this User

Report this user for behavior that violates our Community Guidelines.

Details: